| 000 | 01710nam a2200433Ii 4500 | ||
|---|---|---|---|
| 001 | DIGPUVAL0232 | ||
| 003 | NyNyDIG | ||
| 008 | 150801t20092009sp a ob 000 0 spa d | ||
| 006 | m o d | ||
| 007 | cr ||||||||||| | ||
| 035 | _a(OCoLC)991962717 | ||
| 040 |
_aDGITA _beng _erda _epn _cDGITA |
||
| 020 |
_a9788437084947 _q(eBook ; _qePub ; _qpdf) |
||
| 020 | _z8437075467 | ||
| 020 | _z9788437075464 | ||
| 050 | 1 | 4 | _aQH375 eBook |
| 100 | 1 |
_aGonzález Candelas, Fernando, _d1959- _eauthor. |
|
| 245 | 1 | 3 |
_aLa evolución, de Darwin al genoma / _cFernando González Candelas. |
| 250 | _aEdición digital. | ||
| 264 | 1 |
_aValencia : _bPublicacions de la Universitat de València : _bCátedra de Divulgació de la Ciència, _c2009. |
|
| 264 | 4 | _c©2009 | |
| 300 |
_a1 online resource (280 pages) : _billustrations. |
||
| 336 |
_atext _btxt _2rdacontent |
||
| 337 |
_acomputer _bc _2rdamedia |
||
| 338 |
_aonline resource _bcr _2rdacarrier |
||
| 490 | 1 | _aSin fronteras | |
| 504 | _aIncludes bibliographical references. | ||
| 588 | 0 | _aOnline resource; title from PDF and ePub title page (Digitalia, viewed July 8, 2015) | |
| 650 | 0 | _aEvolutionary genetics. | |
| 650 | 0 | _aEvolution. | |
| 655 | 0 | _aElectronic books. | |
| 791 | 2 |
_aDigitalia (Firm), _edistributor. |
|
| 793 | 0 |
_gDigitalia eBook Collection: _aUniversitat de València. |
|
| 776 | 0 | 8 |
_iPrint version: _aGonzález Candelas, Fernando. _tEvolución, de Darwin al genoma. _dValencia : Publicacions de la Universitat de València, 2009. _z9788437075464 |
| 830 | 0 | _aSin fronteras (Valencia, Spain) | |
| 856 | 4 | 0 |
_3Digitalia Hispánica _uhttps://www.digitaliapublishing.com/a/34967/ |
| 910 | _aPremium Collection: 2015 | ||
| 942 | _cRAA | ||
| 999 |
_c242739 _d242739 |
||